00232nam a2200097 a 4500008004100000050001700041100001900058245003900077260000900116350000900125120416s1968 xx |||||||||||||| || u aTS 156.8 Wig aWightman, E. J10aInstrumentation in process control c1968 a0.00